000 00763nam a2200217Ii 4500
003 JO-AjNU
008 230605s9999||||xx |||||||||||||| ||und||
017 _a1983/2210
020 _a977-02-0371-8
040 _aJO-AjNU
_bara
_erda
_cJO-AjNU
041 _aara
050 1 4 _aNK3633.T74 1986
100 3 _aلجنةمن كبار أساتذة اللغة والخط العربي تأليف,
_eauthor
_934503
245 0 0 _aالطرق الفنية الخاصة بتدريس الخط العربي
264 3 1 _aالقاهرة:دار المعارف,1986
300 _a67ص
336 _atext
_btxt
_2rdacontent
337 _aunmediated
_bn
_2rdamedia
338 _avolume
_bnc
_2rdacarrier
650 4 _aالخط العربي-تدريس الخط العربي
_934504
999 _aA14154
_c17722
_d17722